| 000 | 00680nac a22002051u 4500 | ||
|---|---|---|---|
| 020 | _a8188458929 | ||
| 082 |
_a005.12 _bJHA |
||
| 090 |
_c8454 _d8454 |
||
| 100 | _aJHA, S. K. | ||
| 245 |
_aSystem analysis and design/ _cS. K. Jha |
||
| 250 | _a2nd ed. | ||
| 260 |
_aNew Delhi: _bS. K. Kataria,2007 _c2007 |
||
| 300 |
_a276p.: _bill.; _c24 cm. |
||
| 500 | _adistributer: Al-Ahram | ||
| 511 | _acatalogued by: wessam | ||
| 650 | _aSystem analysis | ||
| 942 |
_cBB _k005.12JHA |
||
| 999 |
_c8454 _d8454 |
||